UBT Library

ELEMENTS OF STATISTICAL INFERENCE (Record no. 35869)

000 -LEADER
fixed length control field 00273nam a22001217a 4500
008 - FIXED-LENGTH DATA ELEMENTS--GENERAL INFORMATION
fixed length control field 171025b xxu||||| |||| 00| 0 eng d
041 ## - LANGUAGE CODE
Language code of text/sound track or separate title eng
080 ## - UNIVERSAL DECIMAL CLASSIFICATION NUMBER
Universal Decimal Classification number 311
100 ## - Rafti
Rafti 55
101 ## - Shkurtesa
Shkurtesa STA
245 ## - TITLE STATEMENT
Title ELEMENTS OF STATISTICAL INFERENCE
Statement of responsibility, etc DAVID.H
942 ## - ADDED ENTRY ELEMENTS (KOHA)
Source of classification or shelving scheme
Item type Books
Holdings
Withdrawn status Lost status Source of classification or shelving scheme Damaged status Not for loan Collection code Permanent location Current location Shelving location Date acquired Total Checkouts Full call number Barcode Date last seen Price effective from Koha item type
          Koleksioni i përgjithshem UBT - Lipjan UBT - Lipjan Koleksioni i përgjithshem 10/25/2017   311 DAV 002-2933056 10/25/2017 10/25/2017 Books
UBT Library © 2015-2024. All rights reserved University Education for Business and Technology